000 01555pam a2200373 a 4500
008 030117t20042003paua c 001 0 eng
010 _a 2003001183
020 _a0791075370
040 _aDLC
_cDLC
_dICrlF
042 _apcc
_alcac
050 0 0 _aGV854.315
_b.H47 2004
082 0 0 _a796.93
_222
100 1 _aHerran, Joe.
_96305040
245 1 0 _aSkiing /
_cJoe Herran and Ron Thomas.
260 _aPhiladelphia :
_bChelsea House,
_c2004, c2003.
300 _a32 p. :
_bill. (mostly col.) ;
_c29 cm.
490 1 _aAction sports
500 _aFirst published: South Yarra, Australia : Macmillan Education Australia, 2003.
500 _aIncludes index.
520 _aSurveys the history, equipment, techniques, and safety aspects of skiing, including snowplowing, sideslipping, and competing, and includes short biographies of top skiers and a time line.
505 0 _aIntroduction -- What is skiing? -- Skiing gear -- Skiing safely -- Skills and techniques -- The ski resort -- In competition -- Skiing champions -- Then and now -- Related action sports -- Glossary -- Index.
521 0 _a5.8
_bFollett Library Resources
521 2 _a5-8
_bFollett Library Resources
650 0 _aSkis and skiing
_vJuvenile literature.
_96522551
650 1 _aSkis and skiing.
_96305042
650 7 _aSkiing.
_2sears
_96305043
700 1 _aThomas, Ron,
_d1947-
_96305044
830 0 _aAction sports (Chelsea House Publishers)
_96305045
035 _a(IMchF)fol08822571
005 20241220145323.0
001 89423
003 DCL
942 _cUNKNOWN
_012
999 _c144334
_d144334